000 004870000a22001810004500
003 LK-CoMWRAF
008 230817t ||||| |||| 00| 0 eng d
040 _aLK-CoMWRAF
_dLK-CoMWRAF
_eLK-CoMWRAF
041 _aeng
082 _a010
_bFER
100 _aDe Mel, J. Henry
100 _aFernando, Vijitha
245 _aNon government organisations (NGOs) in Sri Lanka
_ban introdution
260 _aColombo
_bNGO WS&SDS
_c1991
300 _ap.80
650 _aDirectory-NGO
942 _cBK
999 _c3158
_d3158